Großstädte in NRW - Statistiken

Allgemein
  • Dieses Quiz wurde 2.381 mal gespielt
  • Das Durchschnittsergebnis liegt bei 20 aus 28
Antwortstatistiken
Hint Antwort % Korrekt
1 Köln
99%
2 Düsseldorf
98%
3 Dortmund
97%
4 Essen
95%
5 Duisburg
90%
6 Bochum
87%
9 Bonn
86%
13 Aachen
84%
11 Gelsenkirchen
83%
10 Münster
83%
8 Bielefeld
81%
12 Mönchengladbach
80%
7 Wuppertal
79%
19 Leverkusen
73%
15 Oberhausen
73%
17 Hamm
68%
23 Paderborn
68%
14 Krefeld
64%
25 Recklinghausen
59%
16 Hagen
58%
20 Solingen
57%
21 Herne
56%
24 Bottrop
55%
22 Neuss
54%
27 Bergisch Gladbach
52%
18 Mülheim an der Ruhr
51%
26 Remscheid
46%
28 Moers
44%
Keine übereinstimmenden Quizze gefunden
Verteilung der Resultate
Anzahl Personen mit jedem Resultat
Perzentil nach korrekt beantworteten Fragen
Ihre Resultats-Entwicklung
Sie haben dieses Quiz noch nicht gespielt